C program design engineers

Đã lưu trong:
书目详细资料
主要作者: Hanly, Jeri R.
格式: 图书
语言:Undetermined
出版: Boston Pearson Prentice Hall 2000
主题:
标签: 添加标签
没有标签, 成为第一个标记此记录!
Thư viện lưu trữ: Trung tâm Học liệu Trường Đại học Cần Thơ
LEADER 00555nam a2200193Ia 4500
001 CTU_100836
008 210402s9999 xx 000 0 und d
020 |c 351000 
082 |a 005.133 
082 |b H241 
100 |a Hanly, Jeri R. 
245 0 |a C program design engineers 
245 0 |c Jeri R. Hanly, Elliot B. Koffman 
260 |a Boston 
260 |b Pearson Prentice Hall 
260 |c 2000 
650 |a C ( computer program language ),Mechanical engineering 
904 |i Tuyến 
980 |a Trung tâm Học liệu Trường Đại học Cần Thơ